000 00670cam a22002413a 4500
001 21394
003 PGUSA
005 20140828083445.0
008 080123s2008||||xxu|||||s|||||000 1 eng d
040 _aPGUSA
_beng
042 _adc
050 4 _aPR
100 1 _aBirmingham, George A.,
_d1865-1950
245 1 0 _aPriscilla's Spies
_h[electronic resource] /
_cGeorge A. Birmingham
260 _bProject Gutenberg,
_c2008
506 _aPublic domain in the USA.
516 _aElectronic text
653 _aSailing -- Fiction
653 _aIreland -- Fiction
830 0 _aProject Gutenberg
_v21394
856 4 0 _uhttp://www.gutenberg.org/ebooks/21394
942 _cEB
999 _c250649
_d250649